| 000 | 02286nam a22003615i 4500 | ||
|---|---|---|---|
| 001 | 23857717 | ||
| 003 | OSt | ||
| 005 | 20260204170055.0 | ||
| 008 | 240905s2025 cau 000 0 eng | ||
| 010 | _a 2024945732 | ||
| 020 |
_a9781529795745 _q(paperback) |
||
| 020 |
_a9781529795752 _q(hardback) |
||
| 020 |
_z9781036205737 _q(epub) |
||
| 020 |
_z9781036202644 _q(epub) |
||
| 020 |
_z9781036203672 _q(pdf) |
||
| 035 | _a23857717 | ||
| 040 |
_cFoundation University _erda |
||
| 042 | _apcc | ||
| 050 |
_aJA 71 _b.2025 S74 |
||
| 100 | 1 |
_aStevens, Simon, _eauthor. _914535 |
|
| 245 | 1 | 0 |
_aPolitical theory : _bwhy big ideas matter / _cSimon Stevens. |
| 264 | 1 |
_aThousand Oaks : _bSAGE Publication Ltd, _c2025. _42025. |
|
| 300 |
_3resource _axiv, 299 pages : _billustration ; _c24 cm. _fvolume |
||
| 336 |
_atext _btxt _2rdacontent |
||
| 337 |
_aunmediated _bn _2rdamedia |
||
| 338 |
_avolume _bnc _2rdacarrier _3resource |
||
| 504 | _aIncludes bibliographical references and index. | ||
| 520 |
_a"A text that promises to make political theory more accessible and relatable to contemporary university students-especially in the context of expanding and diversifying university enrolment. This is an exciting, innovative and very well-developed proposal for a new introduction to political theory. Taking the perennial problems in political theory, such as political power, authority, liberty and justice, it offers a breath of fresh air in a market where texts have a reputation for being dense and abstract. In contrast, this book speaks directly to students, showing the various ways in which experts have theorised problems that remain just as relevant to politics today - from climate change to the rights to our data. This is achieved by hearing from the 'usual suspects' (i.e. from the Eurocentric canon) but half of each chapter broadens the canon of thinkers to offer a more global range of theorists to consider"-- _cProvided by publisher. |
||
| 650 |
_2LC _aPolitical science. _96468 |
||
| 658 |
_aPolitical Science, Master of Arts in : _bIssues in Political Theory ; _cPOL32 |
||
| 856 |
_uhttps://drive.google.com/file/d/1cqowEj_hhgeDQfFE5MyOeOE5KYkphTWW/view?usp=sharing _yClick here to view the table content |
||
| 942 |
_2lcc _cBK _hJA 71 _i.2025 S74 _k(CAS-PS) |
||
| 999 |
_c5514 _d5514 |
||